[Event "45th Biel Masters Open"]
[Site "Biel SUI"]
[Date "2012.08.03"]
[Round "11"]
[White "Saric, Iv"]
[Black "Vishnu, P."]
[Result "1-0"]
[WhiteElo "2638"]
[BlackElo "2435"]
[PlyCount "55"]
[EventDate "2012.07.23"]
[SourceDate "1999.07.01"]

1. e4 e5 2. Nf3 Nc6 3. Bc4 Nf6 4. Ng5 d5 5. exd5 Na5 6. Bb5+ c6 7. dxc6 bxc6 8.
Bd3 Ng4 9. Ne4 f5 10. Be2 h5 11. h3 fxe4 12. hxg4 Bc5 13. b4 Qd4 14. bxc5 Rf8
15. O-O Qxa1 16. Nc3 e3 17. gxh5 Rxf2 18. Rxf2 exf2+ 19. Kxf2 Be6 20. Bf3 O-O-O
21. Qe1 Kb7 22. d3 Bxa2 23. Bg5 Qxe1+ 24. Kxe1 Re8 25. Nxa2 Ka6 26. Nc3 Rb8 27.
Be7 Rb2 28. Kd1 1-0

[Event "45th Biel Masters Open"]
[Site "Biel SUI"]
[Date "2012.07.26"]
[Round "4"]
[White "Bauer, Ch"]
[Black "Prasanna, Ra"]
[Result "1-0"]
[WhiteElo "2681"]
[BlackElo "2428"]
[PlyCount "79"]
[EventDate "2012.07.23"]
[SourceDate "1999.07.01"]

1. e4 e5 2. Nf3 Nc6 3. Bc4 Nf6 4. Ng5 d5 5. exd5 Na5 6. Bb5+ c6 7. dxc6 bxc6 8.
Bd3 Be7 9. O-O h6 10. Ne4 Nd5 11. Ng3 O-O 12. Bf5 Nc4 13. d3 Nd6 14. Bxc8 Qxc8
15. Re1 f5 16. c4 f4 17. Nh5 Nf6 18. Rxe5 Nxh5 19. Rxe7 f3 20. Nd2 Nf5 21. Re4
Nf6 22. Nxf3 Nxe4 23. dxe4 Ne7 24. Be3 Qe6 25. Qc2 Rxf3 26. gxf3 Ng6 27. Kh1
Qh3 28. Qe2 Nh4 29. Rg1 Nxf3 30. Rg2 Rf8 31. Bxa7 c5 32. Qd1 Rf7 33. Bxc5 Rd7
34. Bd6 Nh4 35. Rg3 Qe6 36. Qg4 Qxd6 37. Qxh4 Qd4 38. Kg2 Qxb2 39. Qxh6 Rf7 40.
Qe3 1-0

[Event "45th Biel Masters Open"]
[Site "Biel SUI"]
[Date "2012.07.30"]
[Round "7"]
[White "Saric, Iv"]
[Black "Pavlovic, Milos"]
[Result "1-0"]
[WhiteElo "2638"]
[BlackElo "2530"]
[PlyCount "87"]
[EventDate "2012.07.23"]
[SourceDate "1999.07.01"]

1. e4 e5 2. Nf3 Nc6 3. Bc4 Nf6 4. Ng5 d5 5. exd5 Na5 6. Bb5+ Bd7 7. Qe2 Bd6 8.
Nc3 O-O 9. Bxd7 Qxd7 10. a3 Be7 11. O-O Nxd5 12. Qxe5 c6 13. d3 h6 14. Nge4 f5
15. Nxd5 cxd5 16. Nc3 Rad8 17. Nxd5 Bd6 18. Ne7+ Bxe7 19. Qxa5 f4 20. Qe5 f3
21. Re1 Rc8 22. Qe6+ Qxe6 23. Rxe6 Kf7 24. Re3 Rxc2 25. Rxf3+ Bf6 26. Rb1 Rfc8
27. Be3 Kg6 28. g3 Bxb2 29. Bxa7 Rc1+ 30. Rxc1 Rxc1+ 31. Kg2 Bxa3 32. d4 Bb4
33. Rb3 Rc4 34. Kf3 Kf5 35. g4+ Ke6 36. Ke4 b5 37. f4 Kd6 38. Bb8+ Kc6 39. Be5
Bf8 40. Kf5 b4 41. Ke6 Kb5 42. d5 Rc1 43. Rd3 Bc5 44. d6 1-0

[Event "23rd Czech Open A"]
[Site "Pardubice CZE"]
[Date "2012.07.25"]
[Round "6.30"]
[White "Kravtsiv, M."]
[Black "Mertanen, J."]
[Result "1-0"]
[WhiteElo "2582"]
[BlackElo "2374"]
[PlyCount "51"]
[EventDate "2012.07.12"]
[SourceDate "1999.07.01"]

1. e4 e5 2. Nf3 Nc6 3. Bc4 Nf6 4. Ng5 d5 5. exd5 Na5 6. Bb5+ c6 7. dxc6 bxc6 8.
Bd3 h6 9. Ne4 Nd5 10. O-O Be7 11. Ng3 g6 12. Re1 Bf6 13. Bf1 c5 14. c4 Nb6 15.
d3 Be6 16. Nc3 Nc6 17. Kh1 Rc8 18. f4 exf4 19. Bxf4 g5 20. Be3 Nd4 21. Nh5 Be5
22. Bf2 Qc7 23. Rxe5 Qxe5 24. Bg3 Qe3 25. Ne4 Nf5 26. Bf2 1-0

[Event "6th LCT GpA 2012"]
[Site "Leiden NED"]
[Date "2012.07.14"]
[Round "8.4"]
[White "Socko, B."]
[Black "De Jong, JW."]
[Result "1-0"]
[WhiteElo "2629"]
[BlackElo "2429"]
[PlyCount "45"]
[EventDate "2012.07.06"]
[SourceDate "1999.07.01"]

1. e4 e5 2. Nf3 Nc6 3. Bc4 Nf6 4. Ng5 d5 5. exd5 Na5 6. Bb5+ c6 7. dxc6 bxc6 8.
Be2 h6 9. Nh3 g5 10. Nc3 Bg7 11. d3 Nd5 12. Ng1 O-O 13. h4 g4 14. Nxd5 Qxd5 15.
Bxg4 e4 16. Bxc8 Raxc8 17. Ne2 Rfe8 18. O-O exd3 19. cxd3 Qh5 20. Ng3 Qxh4 21.
Nf5 Qf6 22. Qg4 Kh8 23. Bd2 1-0

[Event "8th RUS-CHN Summit Women Classical"]
[Site "St Petersburg RUS"]
[Date "2012.07.02"]
[Round "1"]
[White "Ding Yixin"]
[Black "Kovanova, B."]
[Result "1-0"]
[WhiteElo "2422"]
[BlackElo "2391"]
[PlyCount "71"]
[EventDate "2012.07.02"]
[SourceDate "1999.07.01"]

1. e4 e5 2. Nf3 Nc6 3. Bc4 Nf6 4. Ng5 d5 5. exd5 Na5 6. Bb5+ c6 7. dxc6 bxc6 8.
Bd3 Bd6 9. Nc3 O-O 10. b3 Bg4 11. f3 Bh5 12. Bb2 Nd5 13. Bxh7+ Kh8 14. h4 f5
15. Nxd5 cxd5 16. Qe2 Rc8 17. Ne6 Qd7 18. Nxf8 Rxf8 19. Bc3 Nc6 20. Bxf5 Qxf5
21. g4 Qxc2 22. gxh5 d4 23. Qe4 Qxe4+ 24. fxe4 dxc3 25. dxc3 Rf4 26. O-O-O Ba3+
27. Kc2 a5 28. Kd3 Be7 29. Kc4 Nd8 30. Kb5 Rxe4 31. Kxa5 Re2 32. a4 Nb7+ 33.
Kb5 Nc5 34. Rhe1 Rxe1 35. Rxe1 Nxb3 36. a5 1-0